成田空港 国際線就航都市 - Statistics

General Stats
  • This quiz has been taken 39 times
  • The average score is 60 of 105
Answer Stats
方面 国・地域 Answer % Correct
香港 香港
97%
台北
97%
北京
95%
中国・マカオ マカオ
95%
ソウル
95%
シンガポール シンガポール
95%
上海
92%
釜山
92%
インドネシア ジャカルタ
92%
ヨーロッパ方面 フランス パリ
92%
アジア方面 モンゴル ウランバートル
89%
マレーシア クアラルンプール
89%
マニラ
89%
タイ バンコク
86%
ハノイ
86%
ホーチミン
86%
ドイツ フランクフルト
86%
オーストリア ウィーン
86%
メキシコ メキシコシティ
81%
スペイン マドリード
81%
エジプト カイロ
81%
ロサンゼルス
78%
バンクーバー
78%
イタリア ミラノ
78%
フィンランド ヘルシンキ
78%
ドバイ
78%
バングラデシュ ダッカ
76%
オランダ アムステルダム
76%
トルコ イスタンブール
76%
台湾 高雄
73%
シカゴ
73%
サンフランシスコ
73%
ベルギー ブリュッセル
73%
ポーランド ワルシャワ
73%
中東・アフリカ方面 アラブ首長国連邦 アブダビ
73%
重慶
70%
済州
70%
ネパール カトマンズ
70%
中国 広州
68%
フィリピン セブ
68%
ムンバイ
68%
ルクセンブルク ルクセンブルク
68%
メルボルン
68%
大連
65%
ハルビン
65%
南京
65%
カタール ドーハ
65%
エチオピア アディスアベバ
65%
天津
62%
スリランカ コロンボ
62%
トロント
62%
スイス チューリッヒ
62%
パース
62%
ホノルル
59%
カナダ モントリオール
59%
アゼルバイジャン バクー
59%
ウズベキスタン タシケント
59%
青島
57%
オークランド
57%
イスラエル テルアビブ
57%
ヒューストン
54%
シアトル
54%
武漢
51%
西安
51%
ブルネイ バンダルスリブガワン
51%
大邱
49%
ベトナム ダナン
49%
ボストン
49%
オーストラリア ブリスベン
49%
成都
46%
杭州
46%
厦門
43%
インド ベンガル―ル
43%
ダラスフォートワース
43%
ケアンズ
43%
深圳
41%
カルガリー
41%
ニューアーク
38%
長春
35%
グアム
35%
福州
32%
北米・中南米方面 アメリカ アンカレッジ
32%
デンバー
32%
昆明
30%
瀋陽
30%
デンパサール
27%
サンディエゴ
27%
サンノゼ
27%
クラーク
24%
サイパン
24%
フィジー ナンディ
24%
海口
22%
韓国 清州
19%
鄭州
16%
石家荘
16%
寧波
14%
長沙
11%
シンシナティ
11%
ライプツィヒ
11%
メンフィス
8%
パペーテ
8%
南通
5%
ルイビル
5%
メサ
0%
No matching quizzes found
Score Distribution
Percent of People with Each Score
Percentile by Number Answered
Your Score History
You have not taken this quiz